000 004350000a22001690004500
003 MACL
005 20160101123403.0
008 160101b xxu||||| |||| 00| 0 eng d
040 _aMACL
_cMACL
041 _aEnglish
082 _a376/BUR
100 _aBurstall, Sara A
_926251
245 _aEnglish high schools for Girls
260 _bLongman's Green And Co
_c1907
_aLondon
650 _aEducation
_926252
942 _cBK
_k376/BUR
_2ddc
999 _c37369
_d37369